Estatísticas para Cultura Geral

Clique aqui para jogar o quiz

Estatísticas Gerais

  • Esse quiz foi jogado 31 vezes
  • A pontuação média é 7 de 15

Estatísticas das Respostas

HintResposta% Correto
Qual boneco foi apresentado como namorado da Barbie?Ken
96%
Que país foi governado por Fidel Castro por mais de 50 anos?Cuba
93%
Em que língua eram celebradas as missas católicas, antes do Concílio Vaticano II?Latim
74%
A que produto estão associadas estas marcas de luxos : Rolex, and TAG Heuer?Relógios
74%
Em que país fica a sede da marca Nestlé?Suíça
67%
Que estrela aparece na bandeira de Israel?Estrela de David
59%
Que famoso tenista nasceu na Suíça?Roger Federer
56%
Qual é a cidade mais populosa da Suíça?Zurique
56%
Quem canta a música "Happy Birthday, Mr. President"?Marilyn Monroe
41%
Que dança foi popularizada por Chubby Checker?Twist
26%
Que casal ficou na cama uma semana inteira em Amsterdã, pela paz?John Lennon &
Yoko Ono
22%
Qual é a capital da Papua Nova Guiné?Port Moresby
15%
Em que cidade nasceu Mozart?Salzburgo
15%
Que sino no topo do Palácio de Westminster tocou pela primeira vez na década de 1850 ?Big Ben
11%
Quem é o presidente da Bielorrússia?Alexander
Lukashenko
0%

Distribuição das Pontuações

Percentil de Números Respondidos

Porcentagem de Pessoas com Cada Pontuação

Sua Pontuação Histórica

Você não jogou esse quiz